MARC details
| 000 -LEADER |
| fixed length control field |
02655nam a22003497a 4500 |
| 001 - CONTROL NUMBER |
| control field |
104263 |
| 003 - CONTROL NUMBER IDENTIFIER |
| control field |
KnowledgeUnlatched |
| 005 - DATE AND TIME OF LATEST TRANSACTION |
| control field |
20210303104937.0 |
| 006 - FIXED-LENGTH DATA ELEMENTS--ADDITIONAL MATERIAL CHARACTERISTICS |
| fixed length control field |
m o d |
| 007 - PHYSICAL DESCRIPTION FIXED FIELD--GENERAL INFORMATION |
| fixed length control field |
cr u|||||||||| |
| 008 - FIXED-LENGTH DATA ELEMENTS--GENERAL INFORMATION |
| fixed length control field |
210129p20202020xx o u00| u eng d |
| 037 ## - SOURCE OF ACQUISITION |
| Institution to which field applies |
BiblioBoard |
| 020 ## - INTERNATIONAL STANDARD BOOK NUMBER |
| International Standard Book Number |
9781526138606 |
| 029 1# - OTHER SYSTEM CONTROL NUMBER (OCLC) |
| OCLC library identifier |
https://library.biblioboard.com/ext/api/media/6713d7b4-607f-400a-933c-df868ade84e8/assets/thumbnail.jpg |
| 040 ## - CATALOGING SOURCE |
| Original cataloging agency |
ScCtBLL |
| Transcribing agency |
ScCtBLL |
| 100 1# - MAIN ENTRY--PERSONAL NAME |
| Personal name |
Belenky, Masha |
| Relator term |
author. |
| 245 00 - TITLE STATEMENT |
| Title |
Engine of modernity |
| Remainder of title |
The omnibus and urban culture in nineteenth-century Paris / |
| Statement of responsibility, etc. |
Masha Belenky. |
| 264 #1 - PRODUCTION, PUBLICATION, DISTRIBUTION, MANUFACTURE, AND COPYRIGHT NOTICE |
| Name of producer, publisher, distributor, manufacturer |
Manchester University Press, |
| 300 ## - PHYSICAL DESCRIPTION |
| Extent |
1 online resource (1 p.) |
| 506 0# - RESTRICTIONS ON ACCESS NOTE |
| Terms governing access |
Access copy available to the general public. |
| Standardized terminology for access restriction |
Unrestricted |
| Source of term |
star |
| 520 ## - SUMMARY, ETC. |
| Summary, etc. |
"Engine of Modernity: The Omnibus and Urban Culture in Nineteenth-Century Paris" examines the connection between public transportation and popular culture in nineteenth-century Paris through a focus on the omnibus - a horse-drawn vehicle for mass urban transport which enabled contact across lines of class and gender. A major advancement in urban locomotion, the omnibus generated innovations in social practices by compelling passengers of diverse backgrounds to interact within the vehicle's close confines. Although the omnibus itself did not actually have an engine, its arrival on the streets of Paris and in the pages of popular literature acted as a motor for a fundamental cultural shift in how people thought about the city, its social life, and its artistic representations. At the intersection of literary criticism and cultural history, "Engine of Modernity" argues that for nineteenth-century French writers and artists, the omnibus was much more than a mode of transportation. It became a metaphor through which to explore evolving social dynamics of class and gender, meditate on the meaning of progress and change, and reflect on one's own literary and artistic practices. |
| 588 0# - SOURCE OF DESCRIPTION NOTE |
| Source of description note |
Description based on print version record. |
| 590 ## - LOCAL NOTE (RLIN) |
| Local note |
KU Select 2019: HSS Frontlist Books |
| 650 #7 - SUBJECT ADDED ENTRY--TOPICAL TERM |
| Topical term or geographic name entry element |
Literary Criticism / Modern / 19th Century |
| Source of heading or term |
bisacsh |
| 650 #0 - SUBJECT ADDED ENTRY--TOPICAL TERM |
| Topical term or geographic name entry element |
Literature |
| General subdivision |
History and criticism |
| 655 #0 - INDEX TERM--GENRE/FORM |
| Genre/form data or focus term |
Electronic books. |
| 758 ## - |
| -- |
Is found in: |
| -- |
Knowledge Unlatched |
| -- |
https://openresearchlibrary.org/module/2774bc74-146a-484f-a7ba-ab1d6a09bbfb |
| 856 40 - ELECTRONIC LOCATION AND ACCESS |
| Uniform Resource Identifier |
<a href="https://openresearchlibrary.org/content/6713d7b4-607f-400a-933c-df868ade84e8">https://openresearchlibrary.org/content/6713d7b4-607f-400a-933c-df868ade84e8</a> |
| Public note |
View this content on Open Research Library. |
| -- |
0 |